Catálogo
 En Linea

Principios elementales de filosofía / (Registro nro. 34212)

Detalles MARC
000 -CABECERA
campo de control de longitud fija 00616nam a2200181 a 4500
001 - NÚMERO DE CONTROL
campo de control 000034721
005 - FECHA Y HORA DE LA ÚLTIMA TRANSACCIÓN
campo de control 20240510073817.0
008 - DATOS DE LONGITUD FIJA--INFORMACIÓN GENERAL
campo de control de longitud fija 111019s1957 ag 000 0 spa d
040 ## - FUENTE DE LA CATALOGACIÓN
Centro catalogador/agencia de origen DO-SdBNP
Lengua de catalogación spa
Centro/agencia transcriptor BNPHU
082 ## - NÚMERO DE LA CLASIFICACIÓN DECIMAL DEWEY
Número de clasificación 100
Número de documento/Ítem P769p
100 1# - ENTRADA PRINCIPAL--NOMBRE DE PERSONA
Nombre de persona Politzer, Georges,
Fechas asociadas al nombre 1903-1942
9 (RLIN) 60180
245 10 - MENCIÓN DE TÍTULO
Título Principios elementales de filosofía /
Mención de responsabilidad, etc. Georges Politzer.
260 ## - PUBLICACIÓN, DISTRIBUCIÓN, ETC.
Lugar de publicación, distribución, etc. Buenos Aires, Argentina :
Nombre del editor, distribuidor, etc. Ediciones Inca,
Fecha de publicación, distribución, etc. 1957.
300 ## - DESCRIPCIÓN FÍSICA
Extensión 176 p. ;
Dimensiones 21 cm.
590 ## - NOTA LOCAL (RLIN)
Nota local Perteneció a la biblioteca personal de Juan Isidro Jimenes Grullón
650 #0 - PUNTO DE ACCESO ADICIONAL DE MATERIA--TÉRMINO DE MATERIA
Término de materia o nombre geográfico como elemento de entrada Filosofía
9 (RLIN) 813
910 ## - DATOS DE OPCIÓN DEL USUARIO (OCLC)
Datos de opción del usuario Validado. Control de calidad MFF
Existencias
Estado de retiro Estado de pérdida Restricciones de uso No para préstamo Código de colección Localización permanente Ubicación/localización actual Ubicación en estantería Fecha de adquisición Número de inventario Total de préstamos Signatura topográfica completa Código de barras Fecha visto por última vez Precio válido a partir de Tipo de ítem Koha Nota pública
      Excluido de préstamo Raros y valiosos General General Depósito 19.10.2011 LF1   100 P769p 34721-10 25.06.2020 25.06.2020 No se presta Juan Isidro Jiménes Grullón

Con tecnología Koha